000
00203 a2200109 4500
003
Nust
005
20170207154223.0
040
_c
Nust
082
_a
371.33
245
_a
Blank (VHS-21)
440
_a
Blank (VHS-21)
538
_a
VHS-110
999
_c
195443
_d
195443